00385nam a2200181Ia 4500008004000000041000800040082001200048100001700060245004200077260001800119650001200137650000900149650000800158650000600166650001300172650000900185650000900194210210b1956 xxu||||| |||| 00| 0 eng d aeng a590/174 aKAPOOR (A S) aZoology pass book I Bsc: Non chordate aAgrab-c1956 aZoology apass aNon aI achordate aBsc: abook